00405 a2200133 4500020001500000082001400015100001900029245008000048250001200128260004400140300003900184650001900223650002900242 a0534372813 a519.5 DEV aDevore, Jay L. aProbability and statistics for engineering and the sciencescJay L. Devore. a5th ed. aPacific Grove, Calif. :bDuxburyc1999. axvi, 775 p. :bcol, ill. ;c25 cm. aProbabilities. aMathematical statistics.